Normal view
MARC view
Entry Personal Name
001 - CONTROL NUMBER
- control field: 449
003 - CONTROL NUMBER IDENTIFIER
- control field: OSt
005 - DATE AND TIME OF LATEST TRANSACTION
- control field: 20250306040230.0
008 - FIXED-LENGTH DATA ELEMENTS
- fixed length control field: 250306|| aca||aabn | a|a d
040 ## - CATALOGING SOURCE
- Original cataloging agency: OSt
- Transcribing agency: OSt
100 ## - HEADING--PERSONAL NAME
- Personal name: Grenz, Stanley J.
- Fuller form of name: (Stanley James),
- Dates associated with a name: 1950-2005
670 ## - SOURCE DATA FOUND
- Source citation: Work cat.: (OSt)11313: Grenz, Stanley J. (Stanley James), 1950-2005., Theology for the community of God /, 2000.
